Представление документа в формате MARC21

Поле Инд. ПП Название Значение
Тип записи a
Библиографический уровень m
001 Контрольный номер RU/LIBMSTU/276016337
005 Дата корректировки 20151222132133.9
008 Кодируемые данные 081008|||||||||ru |||||||||||000|||rus||
020 a ISBN 5-17-028632-5
c Цена, тираж 105-00
040 b Код языка каталог. rus
041 0_ a Код языка текста rus
084 a Индекс другой классификации/Индекс ББК 63.3(0)62+68.53-1
090 a Полочн. индекс 63.3(0)6
x Авторский знак Л 84
100 1_ a Автор Лунд П.
245 10 a Заглавие PQ-17 - конвой в ад
c Ответственность [пер. с англ. А. Г. Больных]
260 a Место издания Москва
b Издательство АСТ
c Дата издания 2005
300 a Объем 316, [1] с., [8] л. ил.
440 _0 a Серия Военно-историческая библиотека
650 04 a Основная рубрика Вторая мировая война, 1939-1945-Воспоминания и записки
653 0_ a Ключевые слова Вторая мировая война 1939-1945 гг.
653 1_ a Ключевые слова Конвой PQ-17
653 1_ a Ключевые слова Конвои союзные
901 t Тип документа m